Дело о ремонтных работах 1912 года по зданию на Каменном острове

Доступно только в Электронных читальных залах Найти на картеНа карте
RUSMARC
00003744nmc2a22002413x 450
0015a815929-85f9-43fc-b171-2138b22e36ac
00520210420030349.0
100##$a20201120l19121912k l0rusy0189 ca
1010#$arus
102##$aRU
105##$ay###
1222#$ad
2001#$aДело о ремонтных работах 1912 года по зданию на Каменном острове
$j20 января - 29 мая 1912 г.
$hЧасть 8
215##$a4 л.
$d36,5х26 см
251##$cДело
300##$aНа бланке обложки указано: "Дело хозяйственного отделения Санкт-Петербургской конторы императорских театров"
371##$aДокумент не является опубликованным и широко распространяемым
461#0$10019264ebf8-de62-4f1a-9eb4-9f22098dbbd5
$12001
$aДирекция императорских театров МИДв
$1251
$cФонд
$1852
$j497
462#0$100157374a90-53af-4386-b127-820db06313ee
$12001
$aДела хозяйственной части Дирекции императорских театров
$1251
$cОпись
$1852
$j9
801#0$aRU
$bРГИА
$c20201120
$gRCR
801#1$aRU
$bГлавНИВЦ
$c20201120
$2rusmarc
801#2$aRU
$bПБ им. Б.Н. Ельцина
$c20210420
$gRCR
$2rusmarc
850##$aРГИА
852##$aРГИА
$eФедеральное казенное учреждение "Российский государственный исторический архив" (РГИА)
$j1289
937##$hРГИА
$d12354606
$aASBIBLIO_SCAN
035##$aRusGRCC00018071
856##$uhttp://readingroom.main.prlib.ru/item.aspx?id_node=n162656330&mode=full
Формат отображения